All 10k+ Cities in Zambia - Statistics

General Stats
  • This quiz has been taken 12 times
  • The average score is 36 of 85
Answers on the Map
Answers color-coded by a green-red scale on the quiz's map according to % correct below.
 
Answer Stats
FLS Population Answer % Correct
Lusaka 2,212,301 Lusaka
100%
Southern 178,361 Livingstone
86%
Copperbelt 627,503 Ndola
71%
Eastern 188,020 Chipata
57%
Central 288,598 Kabwe
57%
Copperbelt 665,961 Kitwe
57%
Lusaka 10,196 Chalimbana
43%
Eastern 12,923 Chama
43%
Copperbelt 34,888 Chambishi
43%
North-Western 18,902 Chavuma
43%
Luapula 15,165 Chiengi
43%
Lusaka 54,046 Chilanga
43%
Copperbelt 113,876 Chililabombwe
43%
Copperbelt 256,560 Chingola
43%
Muchinga 38,805 Chinsali
43%
Southern 35,403 Chirundu
43%
Southern 98,974 Choma
43%
Lusaka 57,443 Chongwe
43%
Muchinga 31,739 Isoka
43%
Southern 22,449 Itezhi-Tezhi
43%
North-Western 15,069 Kabompo
43%
Lusaka 104,174 Kafue
43%
Western 18,477 Kalabo
43%
Southern 30,781 Kalomo
43%
Copperbelt 104,046 Kalulushi
43%
Western 34,347 Kaoma
43%
Central 83,211 Kapiri Mposhi
43%
Northern 35,663 Kaputa
43%
Northern 179,636 Kasama
43%
North-Western 28,894 Kasempa
43%
Eastern 45,402 Katete
43%
Luapula 31,161 Kawambwa
43%
Southern 12,095 Kazungula
43%
Western 10,684 Limulunga
43%
Copperbelt 193,293 Luanshya
43%
Luapula 12,643 Lubwe
43%
Western 19,344 Lukulu
43%
Eastern 45,149 Lundazi
43%
Northern 28,436 Luwingu
43%
Southern 21,676 Maamba
43%
Luapula 170,965 Mansa
43%
North-Western 28,825 Manyama
43%
North-Western 19,317 Manyinga
43%
Southern 104,412 Mazabuka
43%
Northern 42,424 Mbala
43%
Central 45,927 Mkushi
43%
Western 111,450 Mongu
43%
Southern 60,281 Monze
43%
Muchinga 63,740 Mpika
43%
Copperbelt 25,388 Mpongwe
43%
Northern 30,381 Mporokoso
43%
Northern 55,405 Mpulungu
43%
Copperbelt 169,136 Mufulira
43%
North-Western 25,667 Mufumbwe
43%
Central 49,461 Mumbwa
43%
Northern 12,536 Mungwi
43%
Luapula 16,077 Mwansabombwe
43%
North-Western 25,425 Mwinilunga
43%
Muchinga 91,107 Nakonde
43%
Central 16,396 Nampundwe
43%
Southern 15,614 Namwala
43%
Luapula 77,746 Nchelenge
43%
Eastern 19,252 Nyimba
43%
Eastern 58,156 Petauke
43%
Luapula 51,309 Samfya
43%
Western 20,878 Senanga
43%
Central 30,217 Serenje
43%
Western 29,922 Sesheke
43%
Southern 26,951 Siavonga
43%
Southern 15,191 Sinazongwe
43%
Eastern 18,716 Sinda
43%
North-Western 301,370 Solwezi
43%
North-Western 26,885 Zambezi
43%
Lusaka 13,662 Chilongolo
29%
Lusaka 14,034 Chinkuli
29%
Lusaka 41,014 Chisankane
29%
Central 115,539 Chunga
29%
Copperbelt 14,056 Ibenga
29%
North-Western 17,169 Kisasa
29%
Lusaka 21,655 Lusaka West
29%
Lusaka 80,782 Madido
29%
Copperbelt 26,986 Mapalo
29%
Lusaka 97,758 Namalombwe
29%
Lusaka 20,254 Ntandabale
29%
Lusaka 19,769 Palabana
29%
No matching quizzes found
Score Distribution
Percent of People with Each Score
Percentile by Number Answered
Your Score History
You have not taken this quiz